|
|
|
|
| LEADER |
01282nam a22002657a 4500 |
| 001 |
39654 |
| 003 |
BD-DhAAL |
| 008 |
220922t2020 enk 001|0|eng d |
| 999 |
|
|
|c 44557
|d 44557
|
| 020 |
|
|
|a 9781838640859
|
| 040 |
|
|
|a BD-DhAAL
|c BD-DhAAL
|
| 082 |
|
|
|a 006.31
|2 23
|
| 100 |
|
|
|a Rivas, Pablo,
|e author.
|9 51516
|
| 245 |
|
|
|a Deep learning for beginners :
|b a beginner's guide to getting up and running with deep learning from scratch using Python /
|c Pablo Rivas.
|
| 260 |
|
|
|a Birmingham :
|b Packt Publishing,
|c 2020.
|
| 300 |
|
|
|a vii, 414 pages :
|b illustrations ;
|c 24 cm.
|
| 504 |
|
|
|a Includes bibliographical references and index.
|
| 526 |
|
|
|a CSE
|
| 541 |
|
|
|a Book Finder International
|e 39654, 39655
|
| 650 |
|
|
|a Machine learning.
|9 51517
|
| 650 |
|
|
|a Computer science.
|9 51518
|
| 852 |
|
|
|a Ayesha Abed Library
|c General Stacks
|
| 942 |
|
|
|2 ddc
|c BK
|
| 952 |
|
|
|0 0
|1 0
|2 ddc
|4 0
|6 006_310000000000000_RIV
|7 0
|9 71797
|a BRACUL
|b BRACUL
|c GEN
|d 2022-09-11
|e Book Finder International
|g 3175.50
|l 13
|m 76
|o 006.31 RIV
|p 3010039654
|r 2025-12-30
|s 2025-08-20
|t 1
|v 3175.50
|w 2022-09-11
|y BK
|
| 952 |
|
|
|0 0
|1 0
|2 ddc
|4 0
|6 006_310000000000000_RIV
|7 0
|9 71798
|a BRACUL
|b BRACUL
|c GEN
|d 2022-09-11
|e Book Finder International
|g 3175.50
|l 9
|m 109
|o 006.31 RIV
|p 3010039655
|r 2026-03-05
|s 2026-03-05
|t 2
|v 3175.50
|w 2022-09-11
|y BK
|